Bilecik Bilecik Bilecik Bilecik Bilecik

Doğumunun 112. yılında bir kültür klasiğimiz, Yahya Kemal : (Record no. 38281)

MARC details
000 -BAŞLIK
Sabit Uzunluktaki Kontrol Alanı 01425nam a22003257a 4500
001 - KONTROL NUMARASI
Control Dosyası 0038446
003 - KONTROL NUMARASI KİMLİĞİ
Kontrol Alanı KOHA_MİRAKIL
005 - EN SON İŞLEM TARİHİ ve ZAMANI
Kontrol Alanı 20260207003101.0
007 - FİZİKSEL TANIM SABİT ALAN - GENEL BİLGİ
Sabit uzunluklu kontrol alanı ta
008 - SABİT UZUNLUKTAKİ VERİ ÖGELERİ - GENEL BİLGİ
Sabit Alan 120912b1998 tu a|||gr||||#0|||1|tur |
020 ## - ISBN - ULUSLARARASI STANDART KİTAP NUMARASI
Isbn 9757663514
040 ## - KATALOGLAMA KAYNAĞI
Özgün Kataloglama Kurumu TR-BiSEU
Kataloglama Dili tur
Çeviri Kurumu TR-BiSEU
Açıklama Kuralları rda
041 0# - DİL KODU
Metin ya da ses kaydının dil kodu tur
044 ## - YAYINLAYAN/ÜRETEN KURULUŞUN ÜLKE KODU
ISO country code tu
050 ## - SINIFLAMA ve YER NUMARASI
Sınıflama Numarası PL248
Yer Numarası .D64 1998
111 2# - TOPLANTI ADI
Toplantı Adı Doğumunun 112.Yılında Bir Kültür Klasiğimiz, Yahya Kemal : Anma Toplantıları 7 Aralık 1996, Ankara 28 Eylül-02 Ekim 1997, Üsküp, Ohri, Gostivar, Kalkandelen (Ankara : 1996)
9 (RLIN) 71826
245 1# - ESER ADI BİLDİRİMİ
Başlık Doğumunun 112. yılında bir kültür klasiğimiz, Yahya Kemal :
Alt Eseradı vb. anma toplantıları 7 Aralık 1996, Ankara 28 Eylül-02 Ekim 1997, Üsküp, Ohri, Gostivar, Kalkandelen/
Sorumluluk Bildirimi yayına hazırlayanlar Baheddin Yediyıldız, Ayşe Yıldız Topuz.
264 #1 - ÜRERİM, YAYIN, DAĞITIM ve TELİF BİLDİRİMİ
Yayın yeri İstanbul :
Yayınlayan Kubbealtı Neşriyatı
Yayın tarihi 1998
300 ## - FİZİKSEL TANIMLAMA
Sayfa, Cilt vb. 199 sayfa :
Diğer fiziki detaylar resimli ;
Boyutları 24 cm.
336 ## - İÇERİK TÜRÜ
Content type term metin
Content type code txt
Source rdacontent
337 ## - MEDYA TÜRÜ
Media type term aracısız
Media type code n
Source rdamedia
338 ## - TAŞIYICI TÜRÜ
Carrier type term cilt
Carrier type code nc
Source rdacarrier
490 1# - DİZİ BİLDİRİMİ
Dizi Bildirimi Kubbealtı Neşriyatı ;
Cilt Numarası 64
500 ## - GENEL NOT
Genel Not Orjinal eser adı : İstanbul Fetih Cemiyeti, İlim ve Edebiyat Eseri Sahipleri Meslek Birliği, Kubbealtı Akademisi Kültür ve San'at Vakfı.
500 ## - GENEL NOT
Genel Not Kaynakça var.
650 #0 - KONU BAŞLIĞI EK GİRİŞ - KONU TERİMİ
Konusal terim veya coğrafi ad Yahya Kemal, 1884-1958--Congresses.
9 (RLIN) 71827
830 1# - SERİ EK GİRİŞİ - TEKBİÇİM ESER ADI
Tekbiçim Başlık Kubbealtı Neşriyatı ;
Volume number/sequential designation 64
9 (RLIN) 36689
907 ## - LOCAL DATA ELEMENT G, LDG (RLIN)
a Roman
942 ## - EK GİRİŞ ÖGELERİ (KOHA)
Source of classification or shelving scheme Library of Congress Classification
Koha item type Book
Holdings
Materyal Türü Kalıcı Konum Mevcut Konum Raf Yeri Sınıflandırma Kaynağı Edinim Bilgisi Ana Konular Alt Konular Yer Numarası Demirbaş Numarası Fatura Tarihi Geri Çekilme Durumu Kayıp Durumu Hasarlı Durumu Kredi için değil Kayıt Tarih Toplam Ödünçverme Son Görülme Tarihi Son Kontrol Tarihi Genel / Bağış Notu
Book Prof. Dr. Azmi Özcan Kütüphanesi Prof. Dr. Azmi Özcan Kütüphanesi Birûni Salonu Library of Congress Classification Bağış DİL VE EDEBİYAT Doğu Asya, Afrika, Okyanusya Dilleri ve Edebiyatları PL248 .D64 1998 0038446 02/02/2026         12/09/2012   05/12/2024 05/12/2024 Genel Bağış